=LDR 00000nam 2200000 4500 =001 INLIS000000000024581 =005 20190903102731 =035 ##$$a 0010-061300000024581 =008 190903###########################0#ind## =041 ##$$a Ind =082 ##$$a 321 =090 ##$$a 321, Pam d =100 ##$$a Pamuji =245 1#$$a Demokrasi pancasila dan ketahanan nasional, /$c Pamuji =260 ##$$a Jakarta,$c 1985 =300 ##$$a 220 hlm, 21 cm ; $c 21 cm. =650 ##$$a Pancasila =850 ##$$a NBPNMAT =084 ##$$a 321 PAM d =990 ##$$a 00050863